| 000 | 00829nam a2200265 a 4500 | ||
|---|---|---|---|
| 001 | 000014847 | ||
| 005 | 20200929163916.0 | ||
| 008 | 100122s1996 sp 001 0 spa d | ||
| 020 | _a8401459338 | ||
| 040 |
_aDO-SdBNP _bspa _cBNPHU |
||
| 082 |
_a303.483 _bT644c, 1996 |
||
| 100 | 1 |
_aToffler, Alvin, _d1928- _933641 |
|
| 245 | 1 | 3 |
_aEl cambio del poder / _cAlvin Toffler ; traducción de Rafael Aparicio. |
| 250 | _a5a ed. | ||
| 260 |
_aBarcelona : _bPlaza & Janés, _c1996. |
||
| 300 |
_a618, [54] p. ; _c18 cm. |
||
| 490 | 1 |
_aTribuna _v106 /4 |
|
| 534 |
_pTítulo original en inglés: _tPower shift, _c1990 |
||
| 650 | 4 |
_aInvestigación y desarrollo _97087 |
|
| 650 | 4 |
_aPoder (ciencias sociales) _933642 |
|
| 700 | 1 |
_aAparicio, Rafael, _etr. _933643 |
|
| 830 | 0 |
_aTribuna ; _v106/4 _933644 |
|
| 910 | _aWM | ||
| 049 | _aBNGR | ||
| 999 |
_c14427 _d14427 |
||